| 000 | 00499cam a2200205ua 4500 | ||
|---|---|---|---|
| 001 | 8285 | ||
| 008 | 150127n ii |||gr||||Z||||||asm | ||
| 020 | _a9789382750215 | ||
| 040 | _cMAIN | ||
| 041 | _aasm | ||
| 082 | _a001 | ||
| 100 |
_aMachey, Ashwini, _eAuthor. |
||
| 245 | 1 | 1 |
_aSnatak mahalar bahumukhi pathyakram _cby Ashwini Machey |
| 250 | _a1st. | ||
| 260 |
_aDibrugarh: _bBanalata, _c2013. |
||
| 300 | _a500p. | ||
| 653 | _aKnowledge | ||
| 653 | _aMultidisciplinary course | ||
| 942 | _cBK | ||
| 999 |
_c7400 _d7400 |
||